Obsahová správa sociálnych sietí vybraných podnikov diplomová práca

Salvato in:
Dettagli Bibliografici
Autore principale: Körmendyová, Katarína
Ente Autore: Obchodná fakulta EU. Katedra marketingu
Altri autori: Kuchta, Martin, 1990-
Natura: Libro
Lingua:slovacco
Pubblicazione: Bratislava 2023
Tags: Aggiungi Tag
Nessun Tag, puoi essere il primo ad aggiungerne!!

MARC

LEADER 00000nbm a2200000 4500
001 0293750
005 20231219142416.5
041 0 |a slo 
044 |a SK 
245 1 0 |a Obsahová správa sociálnych sietí vybraných podnikov  |b diplomová práca  |c Katarína Körmendyová ; školiteľ: Martin Kuchta 
264 1 |a Bratislava  |c 2023 
300 |a 72 s. 
100 1 |a Körmendyová, Katarína 
700 1 |a Kuchta, Martin, 1990- 
710 2 |a Obchodná fakulta EU. Katedra marketingu